Normal view MARC view
  • Smith, Perry . M .Maj Gen

Entry Personal Name

Number of records used in: 1

001 - CONTROL NUMBER

  • control field: 60695

003 - CONTROL NUMBER IDENTIFIER

  • control field: NUST

005 - DATE AND TIME OF LATEST TRANSACTION

  • control field: 20210628202616.0

008 - FIXED-LENGTH DATA ELEMENTS

  • fixed length control field: 210628|| aca||aabn | a|a d

040 ## - CATALOGING SOURCE

  • Original cataloging agency: NUST
  • Transcribing agency: NUST

100 ## - HEADING--PERSONAL NAME

  • Personal name: Smith, Perry . M .Maj Gen

670 ## - SOURCE DATA FOUND

  • Source citation: Work cat.: (NUST): Smith, Perry . M .Maj Gen, Rules and tools for leaders ,a down to earth guide to effective managing, 2002
© 2023 Central Library, National University of Sciences and Technology. All Rights Reserved.